Flugzeugflotten Teil 14-Korean Air - Statistiken

Allgemein
  • Dieses Quiz wurde 54 mal gespielt
    19 seit der letzten Aktualisierung
  • Das Durchschnittsergebnis liegt bei 14 aus 16
Antwortstatistiken
Anzahl Flugzeugtyp % Korrekt
20 Airbus A330-300
100%
8 Boeing 777-200ER
100%
4 Boeing 777-300
100%
11 Airbus A321neo
93%
9 Airbus A380-800
93%
25 Boeing 777-300ER
93%
1 Boeing 787-10
93%
1 Boeing 787-8
93%
13 Boeing 787-9
93%
2 Airbus A330-200
87%
1 Boeing 737-700
80%
2 Boeing 737-800
80%
9 Boeing 737-900
80%
8 Boeing 747-8I
80%
10 Airbus A220-300
73%
6 Boeing 737-900ER
40%
Keine übereinstimmenden Quizze gefunden
Verteilung der Resultate
Anzahl Personen mit jedem Resultat
Perzentil nach korrekt beantworteten Fragen
Ihre Resultats-Entwicklung
Sie haben dieses Quiz seit der letzten Aktualisierung nicht gespielt